| 000 | 00909nas a2200277 4500 | ||
|---|---|---|---|
| 001 | BR0205553 | ||
| 003 | BR-BrBNA | ||
| 005 | 20231205103357.0 | ||
| 007 | ta | ||
| 008 | 230509b bl.|||p| |||| 00| 00por d | ||
| 040 |
_aBR-BrBNA _bpor _cBiblioteca Nacional de Agricultura |
||
| 041 | _a(Pt) | ||
| 072 | _aH20; F62 | ||
| 100 | 1 | _aAmorim, E.P. da R. | |
| 100 | 1 | _aMelo, I.S. de | |
| 245 | 1 | _aAção antagônica de rizobactérias contra Phytophthora parasitica e P. citrophthora e seu efeito no desenvolvimento de plântulas de citros | |
| 650 | _aFRUTA CÍTRICA | ||
| 650 | _aPHYTOPHTHORA | ||
| 650 | _aBACTÉRIA | ||
| 650 | _aPODRIDÃO RADICULAR | ||
| 650 | _aPLÂNTULA | ||
| 650 | _aCONTROLE BIOLÓGICO | ||
| 773 | 0 |
_tRevista Brasileira de Fruticultura (Brazil) _xISSN 0100-2945 _g(Aug 2002), v. 24(2) p. 565-568 _wBR0205553 |
|
| 909 |
_a202311 _bLúcia _c55 _dLúcia Elande |
||
| 942 |
_2AGRIS _n0 _cANA |
||
| 999 |
_c172537 _d172537 |
||